La ciencia a la conquista del pasado / (Record no. 57998)

MARC details
000 -LEADER
campo de control de longitud fija 00511nam a2200169 i 4500
001 - NÚMERO DE CONTROL
campo de control 57998
003 - IDENTIFICADOR DE NÚMERO DE CONTROL
campo de control ES-MaACL
005 - FECHA Y HORA DE LA ÚLTIMA TRANSACCIÓN
campo de control 20230906163712.0
007 - CAMPO FIJO DE DESCRIPCIÓN FÍSICA--INFORMACIÓN GENERAL
campo de control de longitud fija t|
008 - DATOS DE LONGITUD FIJA--INFORMACIÓN GENERAL
campo de control de longitud fija 031020s1971 sp ||||1| spa d
100 1# - ENTRADA PRINCIPAL--NOMBRE DE PERSONA
Nombre de persona Ducrocq, Albert.
9 (RLIN) 45853
245 13 - MENCIÓN DEL TÍTULO
Título La ciencia a la conquista del pasado /
Mención de responsabilidad, etc. Albert Ducrocq ; [traducido por Manuel Pellicer].
260 ## - PUBLICACIÓN, DISTRIBUCIÓN, ETC.
Lugar de publicación, distribución, etc. [Madrid] :
Nombre del editor, distribuidor, etc. Iberoamericanas,
Fecha de publicación, distribución, etc. 1971.
300 ## - DESCRIPCIÓN FÍSICA
Extensión 228 p. ;
Dimensiones 17 cm.
700 1# - ENTRADA AGREGADA--NOMBRE PERSONAL
Nombre de persona Pellicer, Manuel.
9 (RLIN) 90085
852 ## - LOCALIZACIÓN
Ubicación ES-MaACL
Número de control de estantería C-42098
Sublocalización o colección R.78256
Holdings
Estatus retirado Estado de pérdida Estado de daño No para préstamo Biblioteca de origen Biblioteca actual Ubicación en estantería Fecha de adquisición Fuente de adquisición Total de préstamos Signatura topográfica completa Código de barras Visto por última vez Precio de reemplazo Tipo de ítem Koha
        Biblioteca del Ateneo de Madrid Biblioteca del Ateneo de Madrid Depósito 2 17/01/2008     C-42098 1060870 23/02/2023 23/02/2023 Libro impreso